Life and Living/ (Record no. 1018)
[ view plain ]
| 000 -LEADER | |
|---|---|
| fixed length control field | 00478nam a22001817a 4500 |
| 003 - CONTROL NUMBER IDENTIFIER | |
| control field | OSt |
| 005 - DATE AND TIME OF LATEST TRANSACTION | |
| control field | 20240216131224.0 |
| 008 - FIXED-LENGTH DATA ELEMENTS--GENERAL INFORMATION | |
| fixed length control field | 240216b |||||||| |||| 00| 0 eng d |
| 040 ## - CATALOGING SOURCE | |
| Original cataloging agency | KMU |
| Language of cataloging | RDA |
| Transcribing agency | KMU |
| Modifying agency | KMU |
| 050 ## - LIBRARY OF CONGRESS CALL NUMBER | |
| Classification number | CBU(02)2012/3 |
| 110 ## - MAIN ENTRY--CORPORATE NAME | |
| Corporate name or jurisdiction name as entry element | The Copperbelt University |
| 245 ## - TITLE STATEMENT | |
| Title | Life and Living/ |
| Statement of responsibility, etc. | The Copperbelt University |
| 300 ## - PHYSICAL DESCRIPTION | |
| Extent | 90p.: |
| Other physical details | pictures; |
| Dimensions | 21cm. |
| 650 ## - SUBJECT ADDED ENTRY--TOPICAL TERM | |
| Topical term or geographic name entry element | Health |
| 650 ## - SUBJECT ADDED ENTRY--TOPICAL TERM | |
| Topical term or geographic name entry element | HIV and AIDS |
| 650 ## - SUBJECT ADDED ENTRY--TOPICAL TERM | |
| Topical term or geographic name entry element | SEXUALLY TRANSMITTED DISEASES |
| 942 ## - ADDED ENTRY ELEMENTS (KOHA) | |
| Koha item type | Non-Fiction |
| Suppress in OPAC | No |
| Withdrawn status | Lost status | Damaged status | Not for loan | Collection | Home library | Current library | Shelving location | Date acquired | Source of acquisition | Total Checkouts | Full call number | Barcode | Date last seen | Price effective from | Koha item type |
|---|---|---|---|---|---|---|---|---|---|---|---|---|---|---|---|
| Non-fiction | Kapasa Makasa University | Kapasa Makasa University | Special Collection | 16.02.2024 | CBU | CBU(02)2013/3 | 4028 | 16.02.2024 | 16.02.2024 | Non-Fiction | |||||
| Non-fiction | Kapasa Makasa University | Kapasa Makasa University | Special Collection | 16.02.2024 | CBU | CBU(02)2013/2 | 4027 | 16.02.2024 | 16.02.2024 | Non-Fiction | |||||
| Non-fiction | Kapasa Makasa University | Kapasa Makasa University | Special Collection | 16.02.2024 | CBU | CBU(02)2013/4 | 4029 | 16.02.2024 | 16.02.2024 | Non-Fiction |